| 000 | 01038nam a2200277Ia 4500 | ||
|---|---|---|---|
| 003 | GCL | ||
| 005 | 20240530110905.0 | ||
| 008 | 140319s1968 ua 000 0 ara d | ||
| 040 |
_aGCL / _cGCL |
||
| 082 | 0 | 4 |
_a303.4/ _bك ف _221 |
| 100 | 1 | _aكارديلى، ادوارد | |
| 245 | 1 | 0 |
_aفى النقد الاجتماعى/ _cتاليف ادوارد كارديلى ؛ ترجمة احمد فؤاد بلبع |
| 260 |
_aالقاهرة : _bدار المعارف، _c1968. |
||
| 300 |
_a160 ص. ؛ _e24 سم. |
||
| 490 |
_aالهيئة العامة للاستعلامات _v0 |
||
| 650 | 0 | 7 |
_2qrmak _aالبيروقراطية |
| 650 | 0 | 7 |
_2qrmak _aعلم النفس الاجتماعى |
| 650 | 0 | 7 |
_2qrmak _aالنقد البناء |
| 650 | 0 | 7 |
_2qrmak _aالنقد الهدام |
| 650 | 0 | 7 |
_2qrmak _aحرية التعبير |
| 650 | 0 | 7 |
_2qrmak _aالديمقراطية |
| 650 | 0 | 7 |
_2qrmak _aالاشتراكية |
| 650 | 0 | 7 |
_2qrmak _aالتغير الاجتماعى |
| 700 | 0 |
_aاحمد فؤاد بلبع _eمترجم |
|
| 942 |
_2ddc _cBK |
||
| 999 |
_c66199 _d66199 |
||